[Event "TIPC 2008 Open"]
[Site "Charleroi"]
[Date "2008.07.28"]
[Round "3.16"]
[White "Russo, Bruno"]
[Black "Kuciapa, André"]
[Result "1-0"]
[WhiteElo "1984"]
[BlackElo "1887"]
[PlyCount "61"]
[EventDate "2008.07.26"]
[SourceDate "2008.07.26"]

1. e4 c5 2. Nf3 a6 3. d4 cxd4 4. Nxd4 e5 5. Nb3 Nf6 6. Nc3 Bb4 7. Bd2 O-O 8.
Bd3 d5 9. Nxd5 Nxd5 10. exd5 Bxd2+ 11. Qxd2 Qe7 12. O-O Rd8 13. Rad1 Bg4 14. f3
Bh5 15. c4 Nd7 16. Qe3 Bg6 17. Rfe1 Rac8 18. Bxg6 hxg6 19. Rc1 b6 20. a3 Rc7
21. Nd2 Rdc8 22. f4 f6 23. b4 a5 24. Qd3 axb4 25. d6 Nc5 26. Qd5+ Qf7 27. dxc7
Qxd5 28. cxd5 bxa3 29. Rxc5 bxc5 30. d6 Rxc7 31. dxc7 1-0

[Event "TIPC 2008 Open"]
[Site "Charleroi"]
[Date "2008.07.28"]
[Round "3.18"]
[White "Gorts, Sven"]
[Black "Werner, Ivan"]
[Result "0-1"]
[WhiteElo "1849"]
[BlackElo "2113"]
[PlyCount "26"]
[EventDate "2008.07.26"]
[SourceDate "2008.07.26"]

1. e4 Nc6 2. d4 e5 3. Nf3 exd4 4. Nxd4 Qh4 5. Qd3 Nf6 6. Nxc6 dxc6 7. Nc3 Bb4
8. Bd2 Bxc3 9. Bxc3 Nxe4 10. g3 Qe7 11. Bxg7 Rg8 12. O-O-O Nxf2 13. Qd4 Nxd1
0-1

[Event "TIPC 2008 Open"]
[Site "Charleroi"]
[Date "2008.07.28"]
[Round "3.22"]
[White "Chung Choong Lon, Marc"]
[Black "Schaeken, Yordi"]
[Result "0-1"]
[WhiteElo "1737"]
[BlackElo "1988"]
[PlyCount "96"]
[EventDate "2008.07.26"]
[SourceDate "2008.07.26"]

1. c4 Nf6 2. Nc3 d5 3. cxd5 Nxd5 4. e4 Nxc3 5. bxc3 g6 6. Bc4 Bg7 7. Qf3 O-O 8.
Ba3 Nd7 9. d4 c5 10. Ne2 cxd4 11. cxd4 Qa5+ 12. Kf1 Nb6 13. Bb3 Bg4 14. Qe3
Bxe2+ 15. Kxe2 Bxd4 16. Qxd4 Qxa3 17. Rhd1 Rad8 18. Qc3 Qa6+ 19. Ke1 Qb5 20.
Rac1 Rc8 21. Qf3 e6 22. Qf6 Qb4+ 23. Kf1 Qxe4 24. Rxc8 Rxc8 25. Rd8+ Rxd8 26.
Qxd8+ Kg7 27. Qc7 Nd5 28. Qa5 Qd3+ 29. Ke1 b6 30. Qa3 Nf4 31. Qb2+ f6 32. f3
Qe3+ 33. Kf1 Nd3 34. Qe2 Qxe2+ 35. Kxe2 Nc1+ 36. Kd2 Nxb3+ 37. axb3 a6 38. Kd3
Kf7 39. Kd4 Ke7 40. g3 Kd6 41. f4 e5+ 42. fxe5+ fxe5+ 43. Ke4 Ke6 44. h3 b5 45.
b4 h6 46. h4 h5 47. Kf3 Kf5 48. Ke3 Kg4 0-1

[Event "TIPC 2008 Open"]
[Site "Charleroi"]
[Date "2008.07.28"]
[Round "3.40"]
[White "Kurliuk, Andrej"]
[Black "Capone, Nicola"]
[Result "1/2-1/2"]
[WhiteElo "1860"]
[BlackElo "1430"]
[PlyCount "46"]
[EventDate "2008.07.26"]
[SourceDate "2008.07.26"]

1. e4 c5 2. Nf3 Nc6 3. d4 cxd4 4. Nxd4 Nf6 5. Nc3 d6 6. Be2 e6 7. Be3 a6 8. Qd2
Qc7 9. O-O-O Be7 10. g4 Bd7 11. g5 Ng8 12. h4 O-O-O 13. Nxc6 Bxc6 14. f4 d5 15.
Qd4 Bf8 16. Bg4 dxe4 17. Qa7 Rd7 18. Rxd7 Bxd7 19. Rd1 $16 Bd6 20. Qa8+ (20.
Rxd6 Qxd6 21. Nxe4 Qb8 22. Qc5+ Bc6 23. Qf8+ Kc7 24. Bb6+ Kxb6 25. Qxb8 $18)
20... Qb8 21. Qxb8+ Bxb8 22. Nxe4 f5 23. gxf6 Nxf6 {(=)} 1/2-1/2

[Event "TIPC 2008 Open"]
[Site "Charleroi"]
[Date "2008.07.29"]
[Round "5.1"]
[White "Colin, Vincent"]
[Black "Sumets, Andrey"]
[Result "1/2-1/2"]
[WhiteElo "2424"]
[BlackElo "2534"]
[PlyCount "26"]
[EventDate "2008.07.26"]
[SourceDate "2008.07.26"]

1. d4 Nf6 2. Nf3 d5 3. c4 e6 4. Nc3 c6 5. Bg5 Nbd7 6. cxd5 exd5 7. e3 Be7 8.
Bd3 h6 9. Bf4 Nb6 10. Qc2 Bd6 11. Ne5 Be6 12. h3 Qc7 13. Bh2 a6 1/2-1/2

[Event "TIPC 2008 Open"]
[Site "Charleroi"]
[Date "2008.07.29"]
[Round "5.2"]
[White "Dumont, André"]
[Black "Saiboulatov, Daniyal"]
[Result "1/2-1/2"]
[WhiteElo "2145"]
[BlackElo "2371"]
[PlyCount "43"]
[EventDate "2008.07.26"]
[SourceDate "2008.07.26"]

1. d4 Nf6 2. Nf3 g6 3. e3 Bg7 4. Be2 O-O 5. O-O d5 6. b3 c5 7. Bb2 Ne4 8. Nbd2
Nc6 9. Ne5 Nxe5 10. dxe5 Be6 11. f4 Qa5 12. Nxe4 dxe4 13. Qe1 Qxe1 14. Rfxe1
Rfd8 15. Red1 f6 16. exf6 exf6 17. Rxd8+ Rxd8 18. Rd1 Rxd1+ 19. Bxd1 Kf7 20. c4
h5 21. Bc2 Bf5 22. g3 1/2-1/2

[Event "TIPC 2008 Open"]
[Site "Charleroi"]
[Date "2008.07.29"]
[Round "5.3"]
[White "Laurent, Bruno"]
[Black "Van Mechelen, Jan"]
[Result "1-0"]
[WhiteElo "2339"]
[BlackElo "2269"]
[PlyCount "137"]
[EventDate "2008.07.26"]
[SourceDate "2008.07.26"]

1. e4 e6 2. d4 d5 3. Nc3 Bb4 4. e5 c5 5. Bd2 Ne7 6. Nb5 Bxd2+ 7. Qxd2 O-O 8. f4
a6 9. Nd6 cxd4 10. Nf3 Nbc6 11. Bd3 f6 12. O-O Bd7 13. Qe1 h6 14. a3 Qb6 15.
Rb1 Na7 16. Qf2 fxe5 17. fxe5 Nb5 18. Qh4 Nc6 19. Qg3 Ne7 20. Nh4 Nxd6 21. exd6
Nf5 22. Nxf5 exf5 23. Rbe1 Rae8 24. Re7 Rxe7 25. dxe7 Re8 26. Qe5 Qe6 27. Rxf5
Rxe7 28. Qxd5 Qxd5 29. Rxd5 Bc6 30. Rxd4 Kf7 31. Rd6 Re5 32. Kf2 Rg5 33. g3 Ke7
34. Rg6 Rxg6 35. Bxg6 Kf6 36. Bd3 a5 37. Ke3 Ke5 38. b4 axb4 39. axb4 b6 40.
Bc4 g5 41. Be2 Bd5 42. Bf3 Bc4 43. Be4 Bb5 44. Bd3 Bd7 45. c4 Be6 46. Bf1 Bf7
47. Kd3 Bg6+ 48. Kc3 Be4 49. Bd3 Bc6 50. Bg6 Kf6 51. Bh5 Ke5 52. Kd3 Bg2 53.
Be2 Be4+ 54. Ke3 Bf5 55. Bf3 Be6 56. c5 bxc5 57. bxc5 Bc8 58. Kd3 Ba6+ 59. Kc3
Bc8 60. Kc4 Ba6+ 61. Kb4 Kd4 62. Ka5 Bc8 63. Kb6 Ke3 64. Kc7 g4 65. Bb7 Bf5 66.
Bc8 Be4 67. Bxg4 Kf2 68. Bh5 Kg2 69. g4 1-0

[Event "TIPC 2008 Open"]
[Site "Charleroi"]
[Date "2008.07.29"]
[Round "5.4"]
[White "Van De Perre, Tom"]
[Black "Wiley, Tom"]
[Result "0-1"]
[WhiteElo "2128"]
[BlackElo "2299"]
[PlyCount "86"]
[EventDate "2008.07.26"]
[SourceDate "2008.07.26"]

1. f4 d5 2. Nf3 Bg4 3. e3 Nd7 4. h3 Bxf3 5. Qxf3 c6 6. c4 Ngf6 7. Nc3 e6 8. b3
a6 9. cxd5 cxd5 10. Be2 Be7 11. O-O O-O 12. Kh1 Nc5 13. Rg1 Nfe4 14. Nd1 Qa5
15. d3 Bf6 16. Bb2 Bxb2 17. Nxb2 Nc3 18. Bd1 Qa3 19. Qf2 b5 20. Bf3 Rac8 21. g4
Rc7 22. f5 Rfc8 23. h4 Nd7 24. Nd1 Ne5 25. Qf1 Nxf3 26. Qxf3 Nxd1 27. Raxd1 Rc2
28. Rdf1 Qe7 29. g5 Rxa2 30. Rc1 Rac2 31. Rxc2 Rxc2 32. f6 Qc7 33. Qh3 Rc1 34.
Qg2 Rxg1+ 35. Qxg1 Qe5 36. h5 Kf8 37. fxg7+ Kxg7 38. b4 h6 39. gxh6+ Kxh6 40.
Qb1 Qxe3 41. Qa1 Qf3+ 42. Kg1 Qxh5 43. Qd4 Kg6 0-1

[Event "TIPC 2008 Open"]
[Site "Charleroi"]
[Date "2008.07.29"]
[Round "5.5"]
[White "Le Quang, Kim"]
[Black "Dal Borgo, Albin"]
[Result "1-0"]
[WhiteElo "2273"]
[BlackElo "2219"]
[PlyCount "80"]
[EventDate "2008.07.26"]
[SourceDate "2008.07.26"]

1. c4 Nf6 2. g3 c6 3. Bg2 d5 4. Nf3 g6 5. b3 Bg7 6. Bb2 O-O 7. O-O Nbd7 8. cxd5
cxd5 9. Nc3 b6 10. d4 Bb7 11. Rc1 Rc8 12. Qd3 a6 13. Ne5 e6 14. Ba3 Re8 15. f4
b5 16. e3 Qb6 17. Bb2 Rc7 18. h3 Rec8 19. g4 b4 20. Na4 Qb5 21. Rxc7 Rxc7 22.
Qd2 Bf8 23. f5 Nxe5 24. dxe5 Ne4 25. Bxe4 dxe4 26. fxe6 Qd5 27. exf7+ Rxf7 28.
Qxd5 Bxd5 29. Rd1 Be6 30. Rd8 Rf3 31. Nc5 Kf7 32. Rxf8+ Kxf8 33. Nxe6+ Ke7 34.
Nf4 g5 35. Nd5+ Ke6 36. Nc7+ Kd7 37. Nxa6 Rxe3 38. Nxb4 Rxh3 39. Kg2 Re3 40.
Bd4 Re2+ 1-0

[Event "TIPC 2008 Open"]
[Site "Charleroi"]
[Date "2008.07.29"]
[Round "5.8"]
[White "Krasucki, Youri"]
[Black "Vanderwaeren, Serge"]
[Result "1/2-1/2"]
[WhiteElo "1980"]
[BlackElo "2197"]
[PlyCount "28"]
[EventDate "2008.07.26"]
[SourceDate "2008.07.26"]

1. e4 b6 2. d4 Bb7 3. Bd3 e6 4. Ne2 c5 5. c3 d5 6. e5 Nc6 7. O-O Nge7 8. Bg5 h6
9. Bxe7 Bxe7 10. f4 g6 11. Nd2 h5 12. Nf3 Qd7 13. Nd2 O-O-O 14. Kh1 Kb8 1/2-1/2

[Event "TIPC 2008 Open"]
[Site "Charleroi"]
[Date "2008.07.29"]
[Round "5.9"]
[White "Noiroux, Kevin"]
[Black "Dessomme, François"]
[Result "1-0"]
[WhiteElo "2140"]
[BlackElo "1974"]
[PlyCount "79"]
[EventDate "2008.07.26"]
[SourceDate "2008.07.26"]

1. d4 Nf6 2. c4 g6 3. Nc3 Bg7 4. e4 d6 5. Be2 O-O 6. f4 c5 7. Nf3 Nc6 8. d5 Nb8
9. O-O b5 10. cxb5 a6 11. Nd2 axb5 12. Bxb5 Ng4 13. Nc4 Bd4+ 14. Kh1 Nf2+ 15.
Rxf2 Bxf2 16. Ne2 Ba6 17. Bxa6 Nxa6 18. Rb1 Nc7 19. a4 Na6 20. g3 Qb8 21. Bd2
e6 22. dxe6 fxe6 23. Kg2 Bd4 24. Nxd4 cxd4 25. b4 Rc8 26. Na5 Ra7 27. Qb3 d5
28. exd5 Qa8 29. Nc6 Rxc6 30. dxc6 Qxc6+ 31. Kf2 Qd7 32. Rd1 Rb7 33. Qc4 Rb6
34. b5 Qc7 35. Qxc7 Nxc7 36. Ba5 Rb7 37. Bxc7 Rxc7 38. Rxd4 Rc2+ 39. Kf3 Rxh2
40. Rb4 1-0

[Event "TIPC 2008 Open"]
[Site "Charleroi"]
[Date "2008.07.29"]
[Round "5.10"]
[White "Russo, Bruno"]
[Black "Uhoda, Philippe"]
[Result "1-0"]
[WhiteElo "1984"]
[BlackElo "2134"]
[PlyCount "55"]
[EventDate "2008.07.26"]
[SourceDate "2008.07.26"]

1. e4 e5 2. Nf3 Nc6 3. Bc4 Bc5 4. c3 Nf6 5. d3 d6 6. O-O Bb6 7. Bb3 O-O 8. Nbd2
Ne7 9. Re1 Ng6 10. Nf1 Be6 11. Bc2 h6 12. Ng3 c6 13. Nf5 d5 14. Bd2 Ng4 15. d4
dxe4 16. Bxe4 Nf6 17. Nxh6+ gxh6 18. Bxg6 fxg6 19. Rxe5 Bg4 20. Bxh6 Rf7 21.
Qd3 Bf5 22. Rxf5 gxf5 23. Qxf5 Qd7 24. Qg6+ Kh8 25. Ne5 Rg7 26. Qxf6 Qe7 27.
Ng6+ Kh7 28. Nxe7 1-0

[Event "TIPC 2008 Open"]
[Site "Charleroi"]
[Date "2008.07.29"]
[Round "5.12"]
[White "Marchiano, Marco"]
[Black "Van De Wynkele, Eric"]
[Result "0-1"]
[WhiteElo "1948"]
[BlackElo "2071"]
[PlyCount "78"]
[EventDate "2008.07.26"]
[SourceDate "2008.07.26"]

1. e4 Nf6 2. Nc3 e5 3. Bc4 d6 4. d3 c6 5. h3 Nbd7 6. Nf3 h6 7. Be3 b5 8. Bb3
Be7 9. Qd2 Qc7 10. O-O Nf8 11. Nh2 g5 12. f3 a5 13. a4 b4 14. Ne2 Ne6 15. Bxe6
Bxe6 16. b3 c5 17. Kf2 Qd7 18. Ng4 Nh5 19. Rh1 O-O-O 20. Rag1 Ng7 21. Ke1 h5
22. Nf2 f6 23. g4 d5 24. Qc1 Qc6 25. Ng3 c4 26. Nf5 Bxf5 27. exd5 Qxd5 28. dxc4
Qxf3 29. gxf5 Nxf5 30. Bb6 Rd6 31. c5 Nd4 32. Qd2 Qxh1 33. Rxh1 Nf3+ 34. Ke2
Rxd2+ 35. Kxf3 Rxc2 36. Ne4 f5 37. Nd6+ Bxd6 38. cxd6 g4+ 39. hxg4 hxg4+ 0-1

[Event "TIPC 2008 Open"]
[Site "Charleroi"]
[Date "2008.07.29"]
[Round "5.13"]
[White "Fosset, François"]
[Black "Pacolet, Fabrice"]
[Result "1/2-1/2"]
[WhiteElo "2030"]
[BlackElo "1858"]
[PlyCount "94"]
[EventDate "2008.07.26"]
[SourceDate "2008.07.26"]

1. d4 d5 2. c4 c6 3. Nf3 Nf6 4. Nc3 dxc4 5. e4 b5 6. e5 Nd5 7. a4 Nxc3 8. bxc3
e6 9. Ng5 h6 10. Ne4 Bb7 11. Qg4 Nd7 12. Be2 a6 13. Bb2 Qc7 14. Bd1 O-O-O 15.
axb5 cxb5 16. Bf3 h5 17. Qf4 Nb6 18. Ng5 Rd7 19. Bxb7+ Qxb7 20. O-O Be7 21. h4
Nd5 22. Qf3 Bxg5 23. hxg5 f6 24. exf6 gxf6 25. Rfe1 Qc6 26. Qe4 Re8 27. gxf6
Rf7 28. Ra2 Rxf6 29. Rea1 Rf4 30. Qg6 Rf6 31. Qe4 Rf4 32. Qh7 Nc7 33. Qxh5 Rg8
34. g3 Rf5 35. Qh3 Rgf8 36. Bc1 R5f7 37. Bf4 Qf3 38. Bxc7 Kxc7 39. Qg2 Qxg2+
40. Kxg2 Kb7 41. Rxa6 Rxf2+ 42. Kh3 Rh8+ 43. Kg4 Rg8+ 44. Kh3 Rf3 45. Rxe6
Rfxg3+ 46. Kh2 Rxc3 47. Raa6 Rc2+ 1/2-1/2

[Event "TIPC 2008 Open"]
[Site "Charleroi"]
[Date "2008.07.29"]
[Round "5.17"]
[White "De Reymaeker, Walter"]
[Black "Chevry, Philippe"]
[Result "0-1"]
[WhiteElo "2028"]
[BlackElo "1894"]
[PlyCount "66"]
[EventDate "2008.07.26"]
[SourceDate "2008.07.26"]

1. e4 c5 2. Nc3 g6 3. f4 e5 4. fxe5 Nc6 5. Nf3 Bg7 6. d3 Nxe5 7. Be2 Ne7 8.
Nxe5 Bxe5 9. Bh6 d5 10. O-O d4 11. Nd5 Nxd5 12. exd5 Qh4 13. g3 Qxh6 14. c4 O-O
15. Bf3 Qe3+ 16. Kg2 Qg5 17. Rf2 h5 18. Qd2 Qxd2 19. Rxd2 Re8 20. Be4 Bd7 21.
Rf1 Rab8 22. b3 a5 23. a4 Bg7 24. h3 f5 25. Bf3 Re3 26. Rfd1 Rf8 27. Rf2 Rf6
28. Rb2 f4 29. g4 Rb6 30. gxh5 gxh5 31. Kf2 Bxh3 32. Be4 Bg4 33. Rh1 f3 0-1

[Event "TIPC 2008 Open"]
[Site "Charleroi"]
[Date "2008.07.29"]
[Round "5.18"]
[White "Delange, Olivier"]
[Black "Baguet, Frédéric"]
[Result "1/2-1/2"]
[WhiteElo "1693"]
[BlackElo "1991"]
[PlyCount "47"]
[EventDate "2008.07.26"]
[SourceDate "2008.07.26"]

1. d4 Nf6 2. Nf3 g6 3. Bf4 d6 4. e3 c6 5. c3 Bg7 6. Nbd2 Nbd7 7. h3 O-O 8. e4
Qb6 9. Qb3 Qxb3 10. axb3 Re8 11. e5 Nd5 12. Bh2 dxe5 13. Nxe5 Nxe5 14. Bxe5 Bf5
15. Bxg7 Kxg7 16. g4 Bd7 17. Nf3 f6 18. g5 Bf5 19. Kd2 Be4 20. Be2 fxg5 21.
Rhe1 Bxf3 22. Bxf3 h5 23. Bxd5 cxd5 24. Re5 1/2-1/2

[Event "TIPC 2008 Open"]
[Site "Charleroi"]
[Date "2008.07.29"]
[Round "5.19"]
[White "Debilloez, Yves"]
[Black "Vandervorst, Marc"]
[Result "1-0"]
[WhiteElo "1990"]
[BlackElo "1877"]
[PlyCount "89"]
[EventDate "2008.07.26"]
[SourceDate "2008.07.26"]

1. d4 Nf6 2. c4 d6 3. Nf3 g6 4. Nc3 Bg7 5. e4 O-O 6. Be2 Nbd7 7. O-O c5 8. d5
Nb6 9. Bd2 Ng4 10. Rc1 Ne5 11. Nxe5 Bxe5 12. Be3 Bg7 13. Kh1 f5 14. exf5 Bxf5
15. b3 a6 16. Bg4 Qc8 17. Bxf5 Qxf5 18. Ne2 Rf7 19. Ng3 Qd7 20. Ne4 h6 21. b4
Raf8 22. bxc5 Nc8 23. cxd6 exd6 24. c5 Re8 25. c6 bxc6 26. dxc6 Qf5 27. Nxd6
Nxd6 28. Qxd6 Bf8 29. Qd2 Kh7 30. Rfd1 Bg7 31. Qc2 Qh5 32. Rd7 Ref8 33. Rxf7
Rxf7 34. Qc5 Be5 35. f4 Bc7 36. Qxh5 gxh5 37. g3 Kg6 38. Kg2 Kf5 39. Kf3 Rf6
40. Bd4 Rf7 41. Rc5+ Ke6 42. Rxh5 a5 43. Ke4 Rh7 44. Rd5 Bb8 45. f5+ 1-0

[Event "TIPC 2008 Open"]
[Site "Charleroi"]
[Date "2008.07.29"]
[Round "5.20"]
[White "Vivone, Santino"]
[Black "Capone, Nicola"]
[Result "1-0"]
[WhiteElo "1983"]
[BlackElo "1430"]
[PlyCount "45"]
[EventDate "2008.07.26"]
[SourceDate "2008.07.26"]

1. e4 c5 2. Nf3 Nc6 3. d4 cxd4 4. Nxd4 Nf6 5. Nc3 d6 6. Be2 e6 7. Be3 Be7 8.
Nb3 b6 9. O-O Bb7 10. f4 O-O 11. Bf3 Ne8 12. Qd2 Nc7 13. a4 Nb8 14. Rfd1 f5 15.
a5 b5 16. Nd4 Qd7 17. exf5 Bxf3 18. fxe6 Nxe6 19. Nxf3 a6 20. Qd5 Nc6 21. f5
Nb4 22. Qb3 Rxf5 23. Qxb4 1-0

[Event "TIPC 2008 Open"]
[Site "Charleroi"]
[Date "2008.07.29"]
[Round "5.21"]
[White "Kurliuk, Andrej"]
[Black "Geboers, Jimmy"]
[Result "0-1"]
[WhiteElo "1860"]
[BlackElo "1983"]
[PlyCount "64"]
[EventDate "2008.07.26"]
[SourceDate "2008.07.26"]

1. e4 d5 2. exd5 Qxd5 3. Nc3 Qa5 4. Bc4 c6 5. d4 Bf5 6. Nf3 e6 7. O-O Nf6 8.
Re1 Nbd7 9. Qe2 Be7 10. Bd2 Qc7 11. Nh4 Bxc2 12. Bxe6 fxe6 13. Qxe6 Nf8 14. Qe2
Ng6 15. Nxg6 Bxg6 16. d5 cxd5 17. Nb5 Qd7 18. Rac1 Ne4 19. f3 O-O 20. fxe4 Bxe4
21. Rc7 Qd8 22. Bc3 a6 23. Qg4 Rf7 24. Rd7 Qb6+ 25. Nd4 Bc5 26. Rxf7 Bxd4+ 27.
Bxd4 Qxd4+ 28. Rf2 Rf8 29. Ref1 h5 30. Qg3 Bd3 31. Rd1 h4 32. Rxd3 hxg3 0-1

[Event "TIPC 2008 Open"]
[Site "Charleroi"]
[Date "2008.07.29"]
[Round "5.22"]
[White "Hiel, Lino"]
[Black "Werner, Ivan"]
[Result "1-0"]
[WhiteElo "1816"]
[BlackElo "2113"]
[PlyCount "45"]
[EventDate "2008.07.26"]
[SourceDate "2008.07.26"]

1. d4 Nf6 2. c4 c5 3. d5 e6 4. Nc3 exd5 5. cxd5 Bd6 6. Nf3 O-O 7. e4 Nxe4 8.
Nxe4 Re8 9. Be2 Rxe4 10. O-O Re8 11. Qc2 Be7 12. d6 Bxd6 13. Ng5 g6 14. Bc4 Re6
15. f4 Nc6 16. f5 Rf6 17. Nxf7 Rxf7 18. fxg6 Bxh2+ 19. Kxh2 Qh4+ 20. Kg1 d5 21.
gxf7+ Kf8 22. Bxd5 Qd4+ 23. Qf2 1-0

[Event "TIPC 2008 Open"]
[Site "Charleroi"]
[Date "2008.07.30"]
[Round "6.1"]
[White "Wiley, Tom"]
[Black "Colin, Vincent"]
[Result "1/2-1/2"]
[WhiteElo "2299"]
[BlackElo "2424"]
[PlyCount "118"]
[EventDate "2008.07.26"]
[SourceDate "2008.07.26"]

1. d4 d5 2. c4 e6 3. Nc3 c6 4. e3 f5 5. Nf3 Nf6 6. Ne5 Bb4 7. Bd3 O-O 8. O-O
Nbd7 9. f4 Nxe5 10. fxe5 Ng4 11. h3 Nh6 12. Ne2 Be7 13. cxd5 cxd5 14. Bd2 Bd7
15. Qb3 Qb6 16. Qxb6 axb6 17. a3 Nf7 18. Rac1 Rac8 19. Rxc8 Rxc8 20. Rc1 Rxc1+
21. Nxc1 Nd8 22. Ne2 Ba4 23. Nc1 Be8 24. Kf1 Bh4 25. Be1 Bg5 26. Bd2 Nc6 27.
Ke1 Bh5 28. Ne2 Kf7 29. b4 Bh4+ 30. Kf1 Bxe2+ 31. Kxe2 Na7 32. b5 Nc8 33. a4 h5
34. Kf3 Bd8 35. g3 Ne7 36. Bb4 Ng8 37. Bd6 Nh6 38. h4 Ng4 39. Bb4 Be7 40. Bxe7
Kxe7 41. Bf1 Nh6 42. Kf4 Kf7 43. Bh3 g6 44. Bg2 Ng4 45. Kf3 g5 46. Bf1 Kg6 47.
Bd3 Nh6 48. Bc2 Ng8 49. Bd3 Ne7 50. Kg2 Kh6 51. Kh3 Ng6 52. Bc2 Ne7 53. Bd3 Kg6
54. Bc2 Ng8 55. Kg2 Kg7 56. Bd3 Nh6 57. Kf3 Nf7 58. Bc2 g4+ 59. Kf2 Kf8 1/2-1/2

[Event "TIPC 2008 Open"]
[Site "Charleroi"]
[Date "2008.07.30"]
[Round "6.2"]
[White "Le Quang, Kim"]
[Black "Laurent, Bruno"]
[Result "1/2-1/2"]
[WhiteElo "2273"]
[BlackElo "2339"]
[PlyCount "83"]
[EventDate "2008.07.26"]
[SourceDate "2008.07.26"]

1. c4 g6 2. Nc3 Bg7 3. g3 c5 4. Bg2 Nc6 5. a3 b6 6. e3 h5 7. h3 Nh6 8. Nge2 Nf5
9. O-O Rb8 10. b3 Bb7 11. Bb2 Na5 12. d4 Bxg2 13. Kxg2 d6 14. Rb1 a6 15. a4 Qd7
16. d5 Be5 17. Ba1 Kd8 18. Qd3 Kc7 19. b4 Nb7 20. a5 cxb4 21. axb6+ Kxb6 22.
Rxb4+ Ka7 23. Ne4 Rhc8 24. Bxe5 dxe5 25. Ra1 Nc5 26. Nxc5 Rxc5 27. Rxa6+ Kxa6
28. Rxb8 Ka7 29. Rb4 Qc7 30. Nc3 Nd6 31. Nb5+ Nxb5 32. cxb5 Kb6 33. e4 Rc3 34.
Qb1 Qc5 35. Ra4 Rc2 36. Ra6+ Kb7 37. Qf1 Rb2 38. Rc6 Qxb5 39. Qc1 Rb1 40. Rc7+
Kb6 41. Rc6+ Kb7 42. Rc7+ 1/2-1/2

[Event "TIPC 2008 Open"]
[Site "Charleroi"]
[Date "2008.07.30"]
[Round "6.4"]
[White "Saiboulatov, Daniyal"]
[Black "Noiroux, Kevin"]
[Result "1-0"]
[WhiteElo "2371"]
[BlackElo "2140"]
[PlyCount "107"]
[EventDate "2008.07.26"]
[SourceDate "2008.07.26"]

1. e4 d5 2. exd5 Qxd5 3. Nc3 Qa5 4. Bc4 Nf6 5. h3 Nc6 6. d3 Ne5 7. Bb3 Bd7 8.
Bd2 e6 9. Nd5 Qc5 10. d4 Qd6 11. Nxf6+ gxf6 12. dxe5 Qxe5+ 13. Ne2 O-O-O 14.
Bf4 Qxb2 15. Qc1 Qxc1+ 16. Rxc1 Bc6 17. Rg1 h5 18. Rd1 Rxd1+ 19. Kxd1 Rg8 20.
g3 Bf3 21. Ke1 Bb4+ 22. c3 Ba5 23. Bd2 Rd8 24. Nd4 Be4 25. Bc2 Bxc2 26. Nxc2
Rd5 27. Ke2 Rc5 28. Ne3 Bxc3 29. Rc1 Bb4 30. Rxc5 Bxc5 31. Bc3 Be7 32. g4 hxg4
33. Nxg4 e5 34. Kd3 Kd7 35. Nh6 Ke6 36. Ke4 f5+ 37. Nxf5 Bf6 38. h4 c5 39. h5
b5 40. a3 Bh8 41. h6 f6 42. Bd2 a6 43. Nh4 f5+ 44. Nxf5 Kf6 45. Nh4 b4 46. axb4
cxb4 47. Bxb4 Kg5 48. Nf5 Kg6 49. Bd2 Bf6 50. Nd6 Bh4 51. f3 Bg3 52. Nc4 Kf6
53. Bc1 Bh2 54. Bb2 1-0

[Event "TIPC 2008 Open"]
[Site "Charleroi"]
[Date "2008.07.30"]
[Round "6.5"]
[White "Van De Wynkele, Eric"]
[Black "Akhayan, Ruben"]
[Result "0-1"]
[WhiteElo "2071"]
[BlackElo "2243"]
[PlyCount "76"]
[EventDate "2008.07.26"]
[SourceDate "2008.07.26"]

1. e4 e5 2. Nf3 Nc6 3. Bc4 Nf6 4. Ng5 d5 5. exd5 Na5 6. Bb5+ c6 7. dxc6 bxc6 8.
Be2 h6 9. Nf3 e4 10. Ne5 Bc5 11. c3 Bd6 12. d4 exd3 13. Nxd3 Qc7 14. h3 O-O 15.
O-O Bf5 16. b4 Nc4 17. Qb3 Be6 18. Nc5 Bxc5 19. Bxc4 Bd6 20. Bxe6 fxe6 21.
Qxe6+ Kh8 22. Na3 Rae8 23. Qb3 Ne4 24. Be3 Bh2+ 25. Kh1 Bf4 26. Rae1 Bxe3 27.
Rxe3 Nd2 28. Rxe8 Rxe8 29. Qd1 Nxf1 30. Qxf1 Qe5 31. Qd3 Qe1+ 32. Kh2 Qxf2 33.
Nc2 Qf4+ 34. Qg3 Qxg3+ 35. Kxg3 Re2 36. Nd4 Re3+ 37. Kf4 Rxc3 38. Ke5 c5 0-1

[Event "TIPC 2008 Open"]
[Site "Charleroi"]
[Date "2008.07.30"]
[Round "6.6"]
[White "Lafosse, Jimmy"]
[Black "Sarrau, Jelle"]
[Result "1/2-1/2"]
[WhiteElo "2014"]
[BlackElo "2203"]
[PlyCount "84"]
[EventDate "2008.07.26"]
[SourceDate "2008.07.26"]

1. e4 c5 2. d3 Nc6 3. g3 g6 4. Bg2 Bg7 5. f4 d6 6. Nh3 e6 7. O-O Nge7 8. c3 O-O
9. Be3 Rb8 10. Nd2 b5 11. Qc2 Bd7 12. Nf3 b4 13. d4 bxc3 14. bxc3 cxd4 15. cxd4
d5 16. e5 Nf5 17. Bf2 Qa5 18. g4 Nh6 19. g5 Nf5 20. Rfb1 Rfc8 21. Rxb8 Rxb8 22.
Rb1 Rxb1+ 23. Qxb1 Qb4 24. Qd3 Bf8 25. Bf1 Qa3 26. Qxa3 Bxa3 27. Bb5 Kf8 28.
Bxc6 Bxc6 29. Nd2 Bb2 30. Nb3 Ba4 31. Nc5 Bb5 32. a4 Bc6 33. a5 Bxd4 34. Nb3
Bxf2+ 35. Nxf2 Ba4 36. Nc5 Bb5 37. Ng4 Nd4 38. Nf6 Nc6 39. Nb3 Bc4 40. Nd7+ Ke7
41. Ndc5 Kd8 42. Kf2 Kc7 1/2-1/2

[Event "TIPC 2008 Open"]
[Site "Charleroi"]
[Date "2008.07.30"]
[Round "6.7"]
[White "Russo, Bruno"]
[Black "Dumont, André"]
[Result "1/2-1/2"]
[WhiteElo "1984"]
[BlackElo "2145"]
[PlyCount "46"]
[EventDate "2008.07.26"]
[SourceDate "2008.07.26"]

1. e4 e5 2. Nf3 Nc6 3. Bc4 Nf6 4. d3 Be7 5. c3 d6 6. Bb3 O-O 7. O-O Na5 8. Bc2
c5 9. Nbd2 Nc6 10. Re1 Qc7 11. Nf1 h6 12. Ng3 Re8 13. h3 Bf8 14. Nh4 d5 15. Qf3
dxe4 16. Nxe4 Nxe4 17. Qxe4 Qd7 18. d4 f5 19. Nxf5 Qxf5 20. Qxf5 Bxf5 21. Bxf5
exd4 22. Bd2 dxc3 23. Bxc3 Nd4 1/2-1/2

[Event "TIPC 2008 Open"]
[Site "Charleroi"]
[Date "2008.07.30"]
[Round "6.8"]
[White "Van Mechelen, Jan"]
[Black "Fosset, François"]
[Result "1-0"]
[WhiteElo "2269"]
[BlackElo "2030"]
[PlyCount "61"]
[EventDate "2008.07.26"]
[SourceDate "2008.07.26"]

1. d4 Nf6 2. Nf3 b6 3. Bf4 Bb7 4. e3 e6 5. Bd3 d5 6. Nbd2 c5 7. c3 Nbd7 8. O-O
Be7 9. Ne5 O-O 10. Qf3 Nxe5 11. dxe5 Nd7 12. Qh3 g6 13. Nf3 Re8 14. Rad1 a6 15.
Qg3 Kg7 16. Ng5 Nf8 17. h4 f5 18. exf6+ Bxf6 19. Bc7 Qd7 20. Nf3 Rac8 21. Bf4
Qe7 22. Bd6 Qd7 23. h5 Rc6 24. Bxf8+ Kxf8 25. hxg6 hxg6 26. Bxg6 Re7 27. Ne5
Bxe5 28. Qxe5 Kg8 29. e4 Rc7 30. Rd3 Rg7 31. Qh5 1-0

[Event "TIPC 2008 Open"]
[Site "Charleroi"]
[Date "2008.07.30"]
[Round "6.10"]
[White "Vanderwaeren, Serge"]
[Black "Vivone, Santino"]
[Result "1/2-1/2"]
[WhiteElo "2197"]
[BlackElo "1983"]
[PlyCount "37"]
[EventDate "2008.07.26"]
[SourceDate "2008.07.26"]

1. b3 e5 2. Bb2 Nc6 3. e3 d5 4. Bb5 Bd6 5. c4 Nf6 6. Qc2 O-O 7. Bxc6 bxc6 8. c5
Be7 9. Bxe5 Ne4 10. d4 Bf5 11. Qe2 Re8 12. Nf3 Bg4 13. h3 Bh5 14. g4 Bg6 15.
O-O f5 16. Nbd2 fxg4 17. hxg4 Qd7 18. Nh2 Bxc5 19. Nxe4 1/2-1/2

[Event "TIPC 2008 Open"]
[Site "Charleroi"]
[Date "2008.07.30"]
[Round "6.11"]
[White "Sclacmender, Julien"]
[Black "Krasucki, Youri"]
[Result "1-0"]
[WhiteElo "2194"]
[BlackElo "1980"]
[PlyCount "45"]
[EventDate "2008.07.26"]
[SourceDate "2008.07.26"]

1. e4 e6 2. d4 d5 3. Nc3 Nf6 4. Bg5 dxe4 5. Nxe4 Nbd7 6. Nf3 h6 7. Nxf6+ Nxf6
8. Bxf6 Qxf6 9. Bb5+ c6 10. Bd3 Bd6 11. Qe2 Bd7 12. Ne5 O-O-O 13. O-O g5 14. a4
h5 15. a5 Qg7 16. a6 b6 17. Rfe1 g4 18. c3 h4 19. b4 g3 20. fxg3 hxg3 21. h3 b5
22. Bxb5 Bxe5 23. dxe5 1-0